• 首页
  • 本馆介绍
  • 公告通知
  • 最新文献
  • 馆藏检索
  • 电子资源
  • 读者导购
  • 参考咨询
  • 我的图书馆
  • 登录
  • 详细信息显示
  • 放入我的书架
  • 预约/预借图书
  • 作者相关作品
  • 分类相关作品
  • 丛书相关作品
  • 出版社相关作品

书目信息

  • 表格格式
  • 工作单格式
  • 卡片格式
题名:
中国历史文化名街文集
    
 
作者: 江继兰 主编 ;中国历史文化名街评选推介组委会 , 中国文物学会 编
分册:   街区卷
出版信息: 北京   中国青年出版社  2014
页数: 287页
开本: 26cm
丛书名:
单 册:
中图分类: K928.5-53
科图分类:
主题词: 城市道路--中国--文集
电子资源:
ISBN: 978-7-5153-2500-2
000 01143nam0 2200265 450
001 339273
005 20150608151821.79
010    @a978-7-5153-2500-2@dCNY128.00
100    @a20141121d2014 em y0chiy50 ea
101 0  @achi
102    @aCN@b110000
105    @aa z 000yy
106    @ar
200 1  @a中国历史文化名街文集@Azhong guo li shi wen hua ming jie wen ji@i街区卷@f中国历史文化名街评选推介组委会, 中国文物学会历史文化名街专业委员会编
210    @a北京@c中国青年出版社@d2014
215    @a287页@c图, 照片@d26cm
304    @a主编:江继兰
330    @a本书收录了五届“中国历史文化名街”评选推介活动中相关文化工作者们的论文, 包括: 《三坊七巷历史文化街区的社区博物馆运动》、《谈拉萨八廓街的保护与利用》、《海口立法保护历史文化街区》、《永葆青岛八大关街区活力》等。
606 0  @a城市道路@y中国@j文集
690    @aK928.5-53@v5
701  0 @a江继兰@Ajiang ji lan@4主编
712 02 @a中国历史文化名街评选推介组委会@Azhong guo li shi wen hua ming jie ping xuan tui jie zu wei hui@4编
712 02 @a中国文物学会@Azhong guo wen wu xue hui@b历史文化名街专业委员会@4编
801  0 @aCN@b卓展宏图@c20150525
905    @dK928.5-53@e846@f2
    
    中国历史文化名街文集.街区卷/中国历史文化名街评选推介组委会, 中国文物学会历史文化名街专业委员会编.-北京:中国青年出版社,2014
    287页:图, 照片;26cm
    
    
    ISBN 978-7-5153-2500-2:CNY128.00
    本书收录了五届“中国历史文化名街”评选推介活动中相关文化工作者们的论文, 包括: 《三坊七巷历史文化街区的社区博物馆运动》、《谈拉萨八廓街的保护与利用》、《海口立法保护历史文化街区》、《永葆青岛八大关街区活力》等。
●
相关链接 在E读中查询图书 在五车中查询图书 在当当中查询图书 在豆瓣中查询图书


正题名:中国历史文化名街文集     索取号:K928.5-53/846         预约/预借

序号 登录号 条形码 馆藏地/架位号 状态 备注
1 864336   208643360   第二样本阅览室/ [索取号:K928.5-53/846] 在馆    
2 864337   208643379   第二借阅区/ [索取号:K928.5-53/846] 在馆    
唐山师范学院图书馆 欢迎您!
大连网信软件有限公司© 版权所有